00302nam a2200109Ia 4500008004100000041000800041082002400049100001700073245003500090260005900125300000800184230411s9999 xx 000 0 und d aeng aAD/174.2/SRI/B06302 aSrinivasan R aRegulating Medicine and Ethics bVoluntary Health Association of IndiaaNew Delhic2001 a16p